[Event "Chennai op 9th"]
[Site "Chennai"]
[Date "2017.01.23"]
[Round "7"]
[White "Mendonca, Leon Luke"]
[Black "Yogit, S."]
[Result "1-0"]
[WhiteElo "1999"]
[BlackElo "2239"]
[PlyCount "147"]
[EventDate "2017.01.18"]
[EventType "swiss"]
[EventRounds "10"]
[EventCountry "IND"]
[SourceTitle "CBM 176 Extra"]
[Source "ChessBase"]
[SourceDate "2017.03.02"]
[SourceVersion "1"]
[SourceVersionDate "2017.03.02"]
[SourceQuality "1"]

1. d4 Nf6 2. c4 e6 3. Nc3 Bb4 4. e3 b6 5. Nge2 Bb7 6. a3 Be7 7. Ng3 0-0 8. d5 d6 9. Be2 c6 10. e4 Na6 11. 0-0 Nc7 12. dxe6 fxe6 13. e5 dxe5 14. Bf3 Qxd1 15. Rxd1 Bc5 16. Be3 Bxe3 17. fxe3 Rad8 18. Nge4 Nxe4 19. Bxe4 Ba6 20. b3 c5 21. a4 g6 22. Bc6 Kf7 23. Nb5 Bxb5 24. axb5 a5 25. bxa6 Rxd1+ 26. Rxd1 Nxa6 27. Rd7+ Kf6 28. Rxh7 Nb4 29. Be4 Na2 30. Rb7 Nc3 31. Bf3 Kg5 32. h3 e4 33. Bg4 b5 34. cxb5 Nd5 35. Bxe6 Nxe3 36. Rf7 Rb8 37. Bc4 Nf5 38. Kf2 Nd4 39. Rc7 Rf8+ 40. Ke3 Re8 41. b6 Nf5+ 42. Ke2 Kf4 43. b7 Nd6 44. Ba6 Rb8 45. Rc8 Rxb7 46. Bxb7 Nxb7 47. Rb8 Nd6 48. Rb6 Nf5 49. Rf6 Kg5 50. Rf8 Kh4 51. Rg8 Kg5 52. Rc8 Nd4+ 53. Ke3 Nxb3 54. Kxe4 c4 55. Ke3 Kf6 56. Rxc4 Na5 57. Rc7 Nb3 58. Kd3 g5 59. Ke3 Kg6 60. Rc3 Na5 61. Kf3 Nb7 62. Kg4 Nd8 63. Ra3 Nf7 64. Ra6+ Kh7 65. Ra7 Kg6 66. Rxf7 Kxf7 67. Kxg5 Kg7 68. h4 Kh7 69. Kf6 Kh6 70. g4 Kh7 71. g5 Kh8 72. Kf7 Kh7 73. g6+ Kh6 74. g7 1-0

[Event "Wch U20 55th"]
[Site "Bhubaneswar"]
[Date "2016.08.21"]
[Round "13"]
[White "Taalaibekov, Tagir"]
[Black "Yogit, S."]
[Result "1/2-1/2"]
[WhiteElo "2182"]
[BlackElo "2270"]
[PlyCount "108"]
[EventDate "2016.08.08"]
[EventType "swiss"]
[EventRounds "13"]
[EventCountry "IND"]
[SourceTitle "CBM 173 Extra"]
[Source "ChessBase"]
[SourceDate "2016.08.29"]
[SourceVersion "1"]
[SourceVersionDate "2016.08.29"]
[SourceQuality "1"]

1. d4 Nf6 2. g3 e6 3. Bg2 d5 4. Nf3 Be7 5. c4 0-0 6. 0-0 dxc4 7. Nbd2 Bd7 8. Nxc4 Bc6 9. b3 Nbd7 10. Bb2 Bd5 11. Rc1 Rc8 12. e3 c5 13. Qe2 cxd4 14. Bxd4 Bc5 15. Ba1 Qe7 16. Ncd2 Ne4 17. Nxe4 Bxe4 18. Rc4 Bd5 19. Rh4 f5 20. Nd2 Bxg2 21. Kxg2 Bb4 22. Nc4 b5 23. Ne5 Nxe5 24. Bxe5 Qb7+ 25. Kg1 Bc3 26. Bxc3 Rxc3 27. Qd2 Rfc8 28. Rd4 h6 29. Rd7 R3c7 30. Rd1 Qf3 31. Rxc7 Rxc7 32. h4 Kh7 33. Qd3 Rc5 34. Qd7 Rc2 35. Rf1 Rxa2 36. Qxb5 Qe4 37. h5 Qg4 38. Qe8 Rc2 39. b4 e5 40. b5 e4 41. Qf7 Rc5 42. Rb1 f4 43. Qxf4 Qxf4 44. exf4 Rxh5 45. Rb4 Rc5 46. Kf1 Kg6 47. Ke2 Kf5 48. Ra4 Rxb5 49. Rxa7 Rb2+ 50. Kf1 g5 51. Ra5+ Kg4 52. fxg5 hxg5 53. Ra3 Rc2 54. Kg2 Rb2 1/2-1/2

[Event "Wch U20 55th"]
[Site "Bhubaneswar"]
[Date "2016.08.20"]
[Round "12"]
[White "Yogit, S."]
[Black "Nihal, Sarin"]
[Result "0-1"]
[WhiteElo "2270"]
[BlackElo "2358"]
[PlyCount "94"]
[EventDate "2016.08.08"]
[EventType "swiss"]
[EventRounds "13"]
[EventCountry "IND"]
[SourceTitle "CBM 173 Extra"]
[Source "ChessBase"]
[SourceDate "2016.08.29"]
[SourceVersion "1"]
[SourceVersionDate "2016.08.29"]
[SourceQuality "1"]

1. e4 e6 2. d4 d5 3. Nc3 Bb4 4. e5 c5 5. a3 Bxc3+ 6. bxc3 Qc7 7. Qg4 f6 8. Nf3 c4 9. Qg3 Qf7 10. h4 h5 11. a4 Nc6 12. Ba3 Nge7 13. Bxe7 Nxe7 14. Qf4 Qg6 15. Qd2 0-0 16. exf6 gxf6 17. Be2 Bd7 18. 0-0 Nf5 19. a5 Rf7 20. Qf4 Kh7 21. Rfb1 Bc6 22. Re1 Re8 23. g3 Qh6 24. Qxh6+ Kxh6 25. Bf1 Nd6 26. Re3 Rfe7 27. Bh3 Kg6 28. Rae1 Ne4 29. R1e2 Kf7 30. Kh2 b6 31. axb6 axb6 32. Ne1 Nd6 33. g4 e5 34. g5 exd4 35. Rxe7+ Rxe7 36. Rxe7+ Kxe7 37. cxd4 b5 38. Nf3 b4 39. gxf6+ Kxf6 40. Ne5 b3 41. cxb3 cxb3 42. Bf1 Bb5 43. Bd3 Bxd3 44. Nxd3 Nc4 45. Nf4 Nb6 46. Nd3 Na4 47. Nf4 b2 0-1

[Event "Barcelona Sant Marti op-A 18th"]
[Site "Barcelona"]
[Date "2016.07.21"]
[Round "9"]
[White "Munoz Pantoja, Miguel Angel"]
[Black "Yogit, S."]
[Result "1/2-1/2"]
[WhiteElo "2477"]
[BlackElo "2198"]
[PlyCount "142"]
[EventDate "2016.07.13"]
[EventType "swiss"]
[EventRounds "9"]
[EventCountry "ESP"]
[SourceTitle "CBM 173 Extra"]
[Source "ChessBase"]
[SourceDate "2016.08.29"]
[SourceVersion "1"]
[SourceVersionDate "2016.08.29"]
[SourceQuality "1"]

1. e4 e5 2. Nc3 Nf6 3. g3 d5 4. exd5 Nxd5 5. Bg2 Nxc3 6. bxc3 Nc6 7. Rb1 Bc5 8. Ne2 Be6 9. 0-0 Bd5 10. d4 Bxg2 11. Kxg2 Qd5+ 12. f3 0-0-0 13. Rb5 b6 14. Qd3 exd4 15. Nf4 Ne5 16. Qe2 Qc4 17. cxd4 Rxd4 18. Re1 Qxe2+ 19. Rxe2 Nc4 20. Nd3 c6 21. Rb1 Bd6 22. Bf4 Bxf4 23. gxf4 f6 24. Kf2 Rd7 25. Rb4 Nd6 26. a4 Re8 27. a5 Rxe2+ 28. Kxe2 bxa5 29. Ra4 Nb7 30. Ke3 Rd5 31. Ra2 Nd6 32. Ra4 Rh5 33. Kd4 Nb7 34. Ra1 Rxh2 35. c4 Re2 36. f5 Re7 37. c5 Kd8 38. Rh1 h6 39. Nf4 Ke8 40. Rg1 Nd8 41. Nd3 Kf7 42. Ra1 Nb7 43. Rb1 g6 44. Rh1 Kg7 45. fxg6 Kxg6 46. Rg1+ Kh7 47. Nf2 Rd7+ 48. Kc4 f5 49. Re1 Nd8 50. Ra1 Kg6 51. Nd3 Kf6 52. Rxa5 Ne6 53. Ra1 h5 54. Rh1 Rh7 55. Nb4 h4 56. Nxc6 h3 57. Nb4 Ke5 58. Nd3+ Kf6 59. c6 Rh4+ 60. Kb5 Ke7 61. Ra1 Kd6 62. Rxa7 Nc7+ 63. Kb6 h2 64. Rxc7 h1Q 65. Rd7+ Ke6 66. Nc5+ Kf6 67. c7 Rh8 68. Rd8 Ke7 69. Rd7+ Kf6 70. Rd8 Ke7 71. Rd7+ Kf6 1/2-1/2

[Event "Montcada op-A 24th"]
[Site "Montcada"]
[Date "2016.06.28"]
[Round "4"]
[White "Vera Siguenas, Deivy Anthoni"]
[Black "Yogit, S."]
[Result "1/2-1/2"]
[WhiteElo "2492"]
[BlackElo "2252"]
[PlyCount "131"]
[EventDate "2016.06.25"]
[EventType "swiss"]
[EventRounds "9"]
[EventCountry "ESP"]
[EventCategory "8"]
[SourceTitle "CBM 173 Extra"]
[Source "ChessBase"]
[SourceDate "2016.08.29"]
[SourceVersion "1"]
[SourceVersionDate "2016.08.29"]
[SourceQuality "1"]

1. e4 e5 2. Nf3 Nc6 3. Bb5 a6 4. Ba4 Nf6 5. 0-0 Be7 6. Re1 b5 7. Bb3 d6 8. c3 0-0 9. h3 Bb7 10. d4 Re8 11. Nbd2 Bf8 12. d5 Nb8 13. Nf1 Nbd7 14. N3h2 Nc5 15. Bc2 c6 16. b4 Ncd7 17. dxc6 Bxc6 18. Bg5 h6 19. Bxf6 Nxf6 20. Ng4 a5 21. Nxf6+ Qxf6 22. Bb3 axb4 23. cxb4 d5 24. exd5 Bd7 25. a3 Ra6 26. Ng3 Rea8 27. d6 Qxd6 28. Qf3 Qf6 29. Qd3 Rd6 30. Qe3 Qf4 31. Qc3 Qd4 32. Qc2 Rc6 33. Qe2 Rc3 34. Rad1 Qa7 35. Bd5 Re8 36. Qh5 Be6 37. Qxe5 Rxa3 38. Qf4 Bxb4 39. Qxb4 Rxg3 40. Bxe6 fxe6 41. Qxb5 Rf8 42. Rd2 Rg6 43. Qc4 Qb7 44. Re4 Rc8 45. Qd3 Rg5 46. Rde2 Qd5 47. Qe3 Rc4 48. f4 Rxe4 49. Qxe4 Qxe4 50. Rxe4 Rf5 51. g4 Rf8 52. Rb4 Rc8 53. Kg2 Rc3 54. Rb7 Re3 55. h4 h5 56. gxh5 Kh7 57. Re7 Kh6 58. Kf2 Re4 59. Kf3 Re1 60. Kf2 Re4 61. Rf7 e5 62. Kf3 Rxf4+ 63. Rxf4 exf4 64. Kxf4 Kxh5 65. Kf5 Kxh4 66. Kg6 1/2-1/2

[Event "Al Ain op 4th"]
[Site "Al Ain"]
[Date "2015.12.26"]
[Round "5"]
[White "Bajarani, Ulvi"]
[Black "Yogit, S."]
[Result "1-0"]
[WhiteElo "2551"]
[BlackElo "2239"]
[PlyCount "119"]
[EventDate "2015.12.23"]
[EventType "swiss"]
[EventRounds "9"]
[EventCountry "UAE"]
[SourceTitle "CBM 170 Extra"]
[Source "ChessBase"]
[SourceDate "2016.02.25"]
[SourceVersion "1"]
[SourceVersionDate "2016.02.25"]
[SourceQuality "1"]

1. d4 Nf6 2. c4 e6 3. Nc3 Bb4 4. Qc2 c5 5. a3 Bxc3+ 6. Qxc3 cxd4 7. Qxd4 Nc6 8. Qd3 0-0 9. Nf3 e5 10. e4 h6 11. Be2 Qe7 12. 0-0 d6 13. Rd1 Ne8 14. b4 f5 15. b5 Nd8 16. c5 fxe4 17. Qxe4 dxc5 18. Bc4+ Be6 19. Qxe5 Nc7 20. Bb2 Qf7 21. Qxc5 Bxc4 22. Rdc1 Bxb5 23. Qxc7 Nc6 24. Qg3 Rae8 25. Rc5 Bd3 26. Ne5 Nxe5 27. Bxe5 Qg6 28. Qxg6 Bxg6 29. f4 Be4 30. Re1 Bc6 31. Re3 Rd8 32. h4 Rd1+ 33. Kh2 Rfd8 34. Rg3 R8d7 35. Rcc3 Be4 36. h5 R1d3 37. Rcxd3 Bxd3 38. Bxg7 Kh7 39. Be5 Be2 40. Rh3 Rd3 41. Rxd3 Bxd3 42. g4 a5 43. Bc7 a4 44. Bb6 Kg7 45. Kg3 Be2 46. Kh4 Bd1 47. Bd4+ Kf7 48. Bc3 Bc2 49. Bd2 Kg7 50. g5 hxg5+ 51. Kxg5 Bd1 52. h6+ Kh7 53. f5 Bb3 54. Kf6 Bc2 55. Ke6 Bb3+ 56. Ke7 b5 57. f6 Kg8 58. h7+ Kxh7 59. f7 Bxf7 60. Kxf7 1-0

[Event "Al Ain op 4th"]
[Site "Al Ain"]
[Date "2015.12.26"]
[Round "4"]
[White "Yogit, S."]
[Black "Malakhatko, Vadim"]
[Result "1/2-1/2"]
[WhiteElo "2239"]
[BlackElo "2531"]
[PlyCount "164"]
[EventDate "2015.12.23"]
[EventType "swiss"]
[EventRounds "9"]
[EventCountry "UAE"]
[SourceTitle "CBM 170 Extra"]
[Source "ChessBase"]
[SourceDate "2016.02.25"]
[SourceVersion "1"]
[SourceVersionDate "2016.02.25"]
[SourceQuality "1"]

1. e4 g6 2. d4 Bg7 3. Nc3 d6 4. Nf3 Nf6 5. Be2 0-0 6. 0-0 c6 7. a4 a5 8. Bg5 h6 9. Bh4 g5 10. Bg3 Nh5 11. Qd2 e6 12. Bc4 g4 13. Ne1 Nxg3 14. hxg3 d5 15. exd5 exd5 16. Bb3 Qg5 17. Rd1 Qxd2 18. Rxd2 b6 19. Ne2 Ba6 20. Nd3 Nd7 21. Re1 Rfe8 22. Rdd1 Re4 23. c3 Rae8 24. Nef4 Kf8 25. f3 gxf3 26. gxf3 Rxe1+ 27. Rxe1 Rxe1+ 28. Nxe1 Bf6 29. Kf2 Bg5 30. Neg2 Ke7 31. g4 Kd6 32. Kg3 Nf8 33. Ne3 Ne6 34. Nfg2 Bd3 35. f4 Bd8 36. Bc2 Bxc2 37. Nxc2 c5 38. Nge3 Kc6 39. Nf5 Bc7 40. Ne7+ Kd6 41. Ng8 Kc6 42. Ne7+ Kd6 43. Ng8 Kd7 44. Nf6+ Kc6 45. Nh5 b5 46. axb5+ Kxb5 47. dxc5 Kxc5 48. b4+ axb4 49. cxb4+ Kb5 50. Kf3 d4 51. Ke4 Kc4 52. Ne1 Kxb4 53. f5 Ng5+ 54. Kxd4 Kb5 55. Kd5 Kb4 56. Nd3+ Kc3 57. Nc5 Bd8 58. Nb7 Be7 59. Na5 Kd3 60. Nc6 Ba3 61. Ne5+ Ke2 62. Nf6 Bf8 63. Ng8 Kf2 64. Nd7 Ba3 65. Nxh6 Kg3 66. f6 Kf4 67. Ne5 Bf8 68. Nhxf7 Nxf7 69. Nxf7 Kxg4 70. Ke6 Bb4 71. Ne5+ Kg5 72. Kf7 Kf5 73. Ng6 Ba3 74. Ne7+ Ke5 75. Ng8 Kf5 76. Ke8 Bb2 77. f7 Bg7 78. Ne7+ Ke6 79. Nc6 Kf6 80. Nd4 Bh6 81. Ne2 Ke6 82. Nf4+ Kf6 1/2-1/2

[Event "Al Ain op 4th"]
[Site "Al Ain"]
[Date "2015.12.23"]
[Round "1"]
[White "Lalith, Babu MR"]
[Black "Yogit, S."]
[Result "1-0"]
[WhiteElo "2553"]
[BlackElo "2239"]
[PlyCount "67"]
[EventDate "2015.12.23"]
[EventType "swiss"]
[EventRounds "9"]
[EventCountry "UAE"]
[SourceTitle "CBM 170 Extra"]
[Source "ChessBase"]
[SourceDate "2016.02.25"]
[SourceVersion "1"]
[SourceVersionDate "2016.02.25"]
[SourceQuality "1"]

1. d4 Nf6 2. Nf3 e6 3. c4 Bb4+ 4. Nbd2 b6 5. a3 Be7 6. e4 Bb7 7. Qc2 d6 8. b3 c5 9. e5 Nfd7 10. Bb2 cxd4 11. exd6 Bxd6 12. Bxd4 e5 13. Bb2 Qe7 14. Ne4 Bc7 15. Nc3 e4 16. Nd4 0-0 17. 0-0-0 Nf6 18. Kb1 Nc6 19. Nd5 Nxd5 20. Nf5 Qg5 21. cxd5 Qxf5 22. dxc6 Bc8 23. f3 Re8 24. fxe4 Qxe4 25. Bd3 Qh4 26. g3 Qh5 27. h3 Be6 28. g4 Qh4 29. Qc3 f6 30. Bc4 Bxc4 31. Qxc4+ Kh8 32. Rd7 Be5 33. c7 Rac8 34. Rhd1 1-0

[Event "Wch U18"]
[Site "Porto Carras"]
[Date "2015.10.25"]
[Round "1"]
[White "Mosadeghpour, Masoud"]
[Black "Yogit, S."]
[Result "1-0"]
[WhiteElo "2420"]
[BlackElo "2119"]
[PlyCount "54"]
[EventDate "2015.10.25"]
[EventType "swiss"]
[EventRounds "11"]
[EventCountry "GRE"]
[SourceTitle "CBM 169 Extra"]
[Source "ChessBase"]
[SourceDate "2015.12.18"]
[SourceVersion "1"]
[SourceVersionDate "2015.12.18"]
[SourceQuality "1"]

1. e4 e5 2. Nf3 Nc6 3. d4 exd4 4. Nxd4 Nf6 5. Nc3 Bb4 6. Nxc6 bxc6 7. Bd3 d5 8. exd5 Qe7+ 9. Qe2 cxd5 10. Qxe7+ Kxe7 11. 0-0 Rd8 12. Nb5 c5 13. c3 Ba5 14. Be3 Bb6 15. Rfe1 Kf8 16. Bf4 a6 17. Nd6 Be6 18. Nf5 c4 19. Bc2 Bxf5 20. Bxf5 Ra7 21. b3 d4 22. cxd4 Bxd4 23. Rad1 c3 24. Be3 Re7 25. Kf1 Rd5 26. Rxd4 Rxf5 27. Rc4 Re8 1-0

[Event "IND-ch U19"]
[Site "Dindigul"]
[Date "2015.07.31"]
[Round "11"]
[White "Karthik, Venkataraman"]
[Black "Yogit, S."]
[Result "1-0"]
[WhiteElo "2256"]
[BlackElo "2064"]
[PlyCount "69"]
[EventDate "2015.07.23"]
[EventType "swiss"]
[EventRounds "11"]
[EventCountry "IND"]
[SourceTitle "EXT 2016"]
[Source "ChessBase"]
[SourceDate "2015.10.08"]
[SourceVersion "1"]
[SourceVersionDate "2015.10.08"]
[SourceQuality "1"]

1. e4 c5 2. Nf3 d6 3. d4 cxd4 4. Nxd4 Nf6 5. Nc3 g6 6. Be3 Bg7 7. f3 0-0 8. Qd2 Nc6 9. 0-0-0 d5 10. Qe1 e5 11. Nxc6 bxc6 12. exd5 Nxd5 13. Bc4 Be6 14. Ne4 h6 15. Bc5 f5 16. Bxf8 Qxf8 17. Nc3 e4 18. Na4 Bf7 19. fxe4 Re8 20. Qa5 Ne3 21. Bxf7+ Qxf7 22. Rd8 Qxa2 23. Rxe8+ Kh7 24. Qxa7 Nc4 25. c3 Nxb2 26. Rh8+ Kxh8 27. Qb8+ Kh7 28. Qxb2 Qxa4 29. exf5 Qf4+ 30. Qd2 Qxf5 31. Re1 Bf6 32. Kd1 Bg5 33. Qd4 c5 34. Qe4 Qf2 35. Qb7+ 1-0

[Event "IND-ch U19"]
[Site "Dindigul"]
[Date "2015.07.28"]
[Round "8"]
[White "Yogit, S."]
[Black "Nihal, Sarin"]
[Result "0-1"]
[WhiteElo "2064"]
[BlackElo "2248"]
[PlyCount "50"]
[EventDate "2015.07.23"]
[EventType "swiss"]
[EventRounds "11"]
[EventCountry "IND"]
[SourceTitle "EXT 2016"]
[Source "ChessBase"]
[SourceDate "2015.10.08"]
[SourceVersion "1"]
[SourceVersionDate "2015.10.08"]
[SourceQuality "1"]

1. b3 e5 2. Bb2 Nc6 3. c4 Nf6 4. d3 d5 5. cxd5 Nxd5 6. a3 Bc5 7. Nf3 Bg4 8. Nbd2 Qe7 9. Qc2 0-0-0 10. b4 Bb6 11. Nc4 Bxf3 12. Nxb6+ axb6 13. gxf3 Nd4 14. Qd1 Qh4 15. Rc1 Kb8 16. Rg1 Ne3 17. Qa4 b5 18. Qa5 Nec2+ 19. Kd1 b6 20. Qa6 Qxf2 21. Bxd4 Nxd4 22. Rh1 Rd5 23. Rc3 Rhd8 24. Kc1 Qe1+ 25. Kb2 Qd2+ 0-1

[Event "Moscow Dvorkovich Cup U16 10th"]
[Site "Moscow"]
[Date "2015.06.30"]
[Round "7.15"]
[White "Elistratov, Semen"]
[Black "Yogit, S."]
[Result "0-1"]
[WhiteElo "2311"]
[BlackElo "1951"]
[PlyCount "41"]
[EventDate "2015.06.23"]
[EventType "team-tourn"]
[EventRounds "7"]
[EventCountry "RUS"]
[SourceTitle "CBM 167 Extra"]
[Source "ChessBase"]
[SourceDate "2015.09.14"]
[SourceVersion "1"]
[SourceVersionDate "2015.09.14"]
[SourceQuality "1"]
[WhiteTeam "Russia (U16)"]
[BlackTeam "India (U16)"]
[WhiteTeamCountry "RUS"]
[BlackTeamCountry "IND"]

1. e4 c5 2. Nf3 d6 3. d4 cxd4 4. Nxd4 Nf6 5. Nc3 g6 6. Be3 Bg7 7. f3 0-0 8. Qd2 Nc6 9. Bc4 Bd7 10. 0-0-0 Rc8 11. Kb1 Nxd4 12. Qxd4 Ng4 13. Qxa7 Nxe3 14. Qxe3 Rxc4 15. Ne2 Be6 16. c3 Qa5 17. a3 Ra8 18. Nd4 Qb6 19. Nc2 Qb3 20. Rd3 Rc5 21. Nb4 0-1

[Event "Moscow Dvorkovich Cup U16 10th"]
[Site "Moscow"]
[Date "2015.06.25"]
[Round "3.7"]
[White "Golubeva, Marija"]
[Black "Yogit, S."]
[Result "0-1"]
[WhiteElo "1775"]
[BlackElo "1951"]
[PlyCount "90"]
[EventDate "2015.06.23"]
[EventType "team-tourn"]
[EventRounds "7"]
[EventCountry "RUS"]
[SourceTitle "CBM 167 Extra"]
[Source "ChessBase"]
[SourceDate "2015.09.14"]
[SourceVersion "1"]
[SourceVersionDate "2015.09.14"]
[SourceQuality "1"]
[WhiteTeam "Latvia (U16)"]
[BlackTeam "India (U16)"]
[WhiteTeamCountry "LAT"]
[BlackTeamCountry "IND"]

1. e4 c5 2. Nf3 d6 3. c3 Nf6 4. Be2 Bg4 5. 0-0 e6 6. h3 Bh5 7. Re1 Nc6 8. d3 Be7 9. Nbd2 0-0 10. Nf1 d5 11. e5 Nd7 12. g4 Bg6 13. d4 Qb6 14. a3 cxd4 15. cxd4 f6 16. exf6 Bxf6 17. Be3 Qxb2 18. g5 Be7 19. Nh4 Bf7 20. Qd3 Qb6 21. Bg4 Rae8 22. Nd2 Qc7 23. f4 Nb6 24. Ndf3 g6 25. Ne5 Nxe5 26. fxe5 Nc4 27. Bf4 Rc8 28. Rec1 b5 29. Rc3 Qb6 30. Rb3 a5 31. Rab1 b4 32. axb4 axb4 33. Bd2 Nxe5 34. Qe3 Nxg4 35. hxg4 Rc4 36. Qe2 Qxd4+ 37. Kh1 Qxg4 38. Qxg4 Rxg4 39. Nf3 Be8 40. Ne5 Re4 41. Nd3 Ba4 42. R3b2 Rf3 43. Nxb4 Rg4 44. Be1 Bd6 45. Rg2 Rf1+ 0-1

[Event "Chennai op 7th"]
[Site "Chennai"]
[Date "2014.12.30"]
[Round "1"]
[White "David, Alberto"]
[Black "Yogit, S."]
[Result "1-0"]
[WhiteElo "2578"]
[BlackElo "2146"]
[PlyCount "77"]
[EventDate "2014.12.30"]
[EventType "swiss"]
[EventRounds "10"]
[EventCountry "IND"]
[SourceTitle "CBM 164 Extra"]
[Source "ChessBase"]
[SourceDate "2015.03.02"]
[SourceVersion "1"]
[SourceVersionDate "2015.03.02"]
[SourceQuality "1"]

1. e4 e5 2. Nf3 Nc6 3. Bb5 a6 4. Ba4 Nf6 5. d3 d6 6. c3 g6 7. Nbd2 Bd7 8. Nf1 Bg7 9. Ng3 0-0 10. 0-0 Qe7 11. Re1 Nd8 12. Bb3 Be6 13. Bc2 h6 14. d4 Ne8 15. h3 Kh7 16. Nf5 Qf6 17. Ne3 c6 18. d5 cxd5 19. Nxd5 Bxd5 20. Qxd5 Nc7 21. Qd3 Nc6 22. Be3 Rad8 23. Bb3 Ne6 24. Bd5 Nc5 25. Qc2 Ne7 26. Rad1 Rd7 27. Bxf7 Qxf7 28. Bxc5 Nc8 29. Ba3 Qxa2 30. c4 Rxf3 31. gxf3 Rc7 32. Ra1 Qxc4 33. Qxc4 Rxc4 34. Rec1 Nb6 35. Bxd6 Kg8 36. b3 Rxc1+ 37. Rxc1 Bf8 38. Bxf8 Kxf8 39. Rc7 1-0

[Event "IND-ch U17 25th"]
[Site "Bihar"]
[Date "2014.12.07"]
[Round "8"]
[White "Neelash, Saha"]
[Black "Yogit, S."]
[Result "1-0"]
[WhiteElo "1948"]
[BlackElo "2146"]
[PlyCount "87"]
[EventDate "2014.12.02"]
[EventType "swiss"]
[EventRounds "11"]
[EventCountry "IND"]
[SourceTitle "EXT 2016"]
[Source "ChessBase"]
[SourceDate "2015.10.08"]
[SourceVersion "1"]
[SourceVersionDate "2015.10.08"]
[SourceQuality "1"]

1. d4 d5 2. e3 e6 3. Bd3 Bd6 4. Nd2 Nf6 5. f4 c5 6. c3 Nc6 7. Ngf3 cxd4 8. cxd4 Ng4 9. Nf1 Nb4 10. Bb1 Qa5 11. Bd2 Qa6 12. Bc3 Bd7 13. Qd2 Qb6 14. Ne5 Nxe5 15. fxe5 Be7 16. Ng3 0-0 17. 0-0 a5 18. a3 Nc6 19. Nh5 Qd8 20. Nf6+ gxf6 21. exf6 Bxf6 22. Qd3 Re8 23. Qxh7+ Kf8 24. Bg6 fxg6 25. Qxg6 Ke7 26. Qxf6+ Kd6 27. Qf4+ Ke7 28. e4 Rf8 29. Qg5+ Kd6 30. Qg3+ Ke7 31. Bd2 Rxf1+ 32. Rxf1 Qg8 33. Bg5+ Ke8 34. Qh4 Nd8 35. exd5 Nf7 36. Be7 Ra6 37. Bc5 Nd6 38. Qf4 Ke7 39. Qf6+ Ke8 40. Qe5 Ke7 41. dxe6 Qxe6 42. Qg5+ Ke8 43. d5 Ne4 44. Rf8# 1-0

[Event "IND-ch U17 25th"]
[Site "Bihar"]
[Date "2014.12.05"]
[Round "5"]
[White "Yogit, S."]
[Black "Arka, Sengupta"]
[Result "1/2-1/2"]
[WhiteElo "2146"]
[BlackElo "1786"]
[PlyCount "96"]
[EventDate "2014.12.02"]
[EventType "swiss"]
[EventRounds "11"]
[EventCountry "IND"]
[SourceTitle "EXT 2016"]
[Source "ChessBase"]
[SourceDate "2015.10.08"]
[SourceVersion "1"]
[SourceVersionDate "2015.10.08"]
[SourceQuality "1"]

1. e4 c5 2. Nf3 Nc6 3. d4 cxd4 4. Nxd4 g6 5. c4 Bg7 6. Be3 Qb6 7. Nb5 Qa5+ 8. N5c3 Nf6 9. Nd2 d6 10. Be2 Nd7 11. Qc1 Nc5 12. 0-0 Nd4 13. Bxd4 Bxd4 14. Nb3 Nxb3 15. axb3 Qe5 16. Kh1 Bxc3 17. bxc3 Qxe4 18. Bf3 Qe5 19. Re1 Qf6 20. Qe3 h5 21. Ra4 0-0 22. Qxe7 Qxc3 23. Qe3 Qxe3 24. Rxe3 Bd7 25. Bxb7 Bxa4 26. Bxa8 Rxa8 27. bxa4 Rb8 28. g3 Rb4 29. a5 Ra4 30. Re8+ Kg7 31. Rd8 Rxa5 32. Rxd6 Rc5 33. Ra6 Rxc4 34. Rxa7 h4 35. Kg2 hxg3 36. hxg3 Rb4 37. f4 Rb5 38. Kf3 Rb3+ 39. Kg4 Rb5 40. Rc7 Ra5 41. Rb7 Rc5 42. Kh3 Ra5 43. g4 Ra4 44. Kg3 Ra3+ 45. Kh4 Ra5 46. Rc7 Rb5 47. Ra7 Rc5 48. Kg3 Rb5 1/2-1/2

[Event "IND-ch U17 25th"]
[Site "Bihar"]
[Date "2014.12.04"]
[Round "4"]
[White "Baivab, Mishra"]
[Black "Yogit, S."]
[Result "1/2-1/2"]
[WhiteElo "1859"]
[BlackElo "2146"]
[PlyCount "151"]
[EventDate "2014.12.02"]
[EventType "swiss"]
[EventRounds "11"]
[EventCountry "IND"]
[SourceTitle "EXT 2016"]
[Source "ChessBase"]
[SourceDate "2015.10.08"]
[SourceVersion "1"]
[SourceVersionDate "2015.10.08"]
[SourceQuality "1"]

1. d4 d5 2. c4 e6 3. Nf3 c5 4. cxd5 exd5 5. Nc3 Nc6 6. g3 Nf6 7. Bg2 Be7 8. 0-0 0-0 9. Bg5 c4 10. Ne5 Be6 11. b3 h6 12. Bxf6 Bxf6 13. Nxc6 bxc6 14. bxc4 dxc4 15. e3 Rc8 16. Ne4 Be7 17. Qa4 f5 18. Nd2 c5 19. d5 Bxd5 20. Bxd5+ Qxd5 21. Nxc4 Rc7 22. Rfd1 Qe4 23. Rab1 h5 24. Qb3 h4 25. Qd3 hxg3 26. hxg3 Qxd3 27. Rxd3 Kf7 28. Rd5 Ke6 29. Rbd1 Bf6 30. Rd6+ Ke7 31. R1d5 Rb8 32. Ra6 Rb4 33. Ne5 Rb1+ 34. Kg2 Rb6 35. Rxb6 axb6 36. Nc4 b5 37. Nd6 b4 38. Nc4 g6 39. Kf3 Rc6 40. Na5 Ke6 41. Rxf5 Rc7 42. Rf4 Ra7 43. Nb3 Be7 44. Rc4 Rxa2 45. Nxc5+ Kd5 46. Rxb4 Bxc5 47. Rg4 Ra6 48. Rg5+ Kc4 49. Re5 Rf6+ 50. Ke2 Bd6 51. Re8 Kd5 52. f4 Kc6 53. e4 Kd7 54. Rg8 Re6 55. Kf3 Ke7 56. f5 gxf5 57. exf5 Re1 58. Rg6 Rf1+ 59. Ke4 Re1+ 60. Kf3 Rd1 61. g4 Kf7 62. Ke2 Rd5 63. Kf3 Bc5 64. Ke4 Rd4+ 65. Ke5 Ra4 66. Kd5 Be3 67. Ke5 Bf4+ 68. Kd5 Bd2 69. Ke5 Bc3+ 70. Kd5 Rd4+ 71. Kc5 Rd1 72. Kc4 Bf6 73. Kc5 Rd2 74. Kc4 Rd4+ 75. Kc5 Rd8 76. Kc4 1/2-1/2

[Event "Wch U20 53rd"]
[Site "Pune"]
[Date "2014.10.19"]
[Round "13"]
[White "Bersamina, Paulo"]
[Black "Yogit, S."]
[Result "1-0"]
[WhiteElo "2380"]
[BlackElo "1954"]
[PlyCount "55"]
[EventDate "2014.10.06"]
[EventType "swiss"]
[EventRounds "13"]
[EventCountry "IND"]
[SourceTitle "EXT 2015"]
[Source "ChessBase"]
[SourceDate "2014.11.20"]
[SourceVersion "1"]
[SourceVersionDate "2014.11.20"]
[SourceQuality "1"]

1. e4 c5 2. Nc3 Nc6 3. Bb5 Nd4 4. Nf3 Nxb5 5. Nxb5 d6 6. d4 cxd4 7. Qxd4 e5 8. Qc3 Rb8 9. Nc7+ Kd7 10. Nd5 Ne7 11. Ne3 Nc6 12. 0-0 Be7 13. b4 Bf6 14. Qd2 Ke8 15. b5 Nd4 16. Nxd4 exd4 17. Nd5 d3 18. c3 Be6 19. Qxd3 Bxd5 20. Qxd5 Bxc3 21. Rb1 Qe7 22. Qc4 Bf6 23. Ba3 Kd7 24. Bxd6 Qxd6 25. Rbd1 Rhc8 26. Qxf7+ Be7 27. e5 Rf8 28. Rxd6+ 1-0